000 00586nam a22001697a 4500
005 20151210110538.0
008 151207b xxu||||| |||| 00| 0 eng d
050 _aE78.C6
_bF402
100 _aFewkes, Jesse Walter
_921231
245 _aAntiquities of the Mesa Verde: National Park
_cJesse Walter Fewkes
260 _aWashington
_bGovernment Printing Office
_c1909
300 _aviii, 57p.;
_c24cm.
440 _aBureau of American Ethnology
_nBulletin 41
_921308
651 _aMesa Verde National Park
_921232
651 _aColorado
_xAntiquities
_921233
942 _2lcc
_cMONOGRAPH
999 _c123839
_d123839